000 00917nam a2200241 a 4500
001 000011340
005 20240412074225.0
008 091016s2000 dr 001 p spa d
020 _a9993441015
040 _aDO-SdBNP
_bspa
_cBNPHU
082 _aRD861.44
_bC322a
100 1 _aCartagena Portalatín, Aída,
_d1918-1994
_923557
245 1 0 _aAida Cartagena Portalatín :
_bselección poética /
_cAida Cartagena Portalatín ; selección Mateo Morrison ; prólogo Angela Hernández Núñez.
260 _aSanto Domingo :
_bMediabyte,
_c2000.
300 _a165 p. ;
_c22 cm.
590 _aInventariado, 2019/MFF
600 1 0 _aCartagena Portalatín, Aída,
_d1918-1994
_923557
650 4 _aPoesía dominicana
_xColecciones
_9351
650 0 _aLiteratura dominicana.
_967
700 1 _aMorrison, Mateo,
_d1947-
_91469
700 1 _aHernández, Ángela,
_d1954-
_epról.
_92564
910 _aValidado. Control de calidad MFF
999 _c11047
_d11047